Research methodology / (Record no. 36284)

MARC details
000 -LEADER
fixed length control field 00781nam a22002297a 4500
005 - DATE AND TIME OF LATEST TRANSACTION
control field 2010052203493.0
008 - FIXED-LENGTH DATA ELEMENTS--GENERAL INFORMATION
fixed length control field 100522t xxu||||| |||| 00| 0 eng d
010 ## - LCCN (DPL NO)
LC control number EN-96141
020 ## - INTERNATIONAL STANDARD BOOK NUMBER
International Standard Book Number 9788189983314
Terms of availability 500.00
035 ## - SYSTEM CONTROL NUMBER
System control number EN-79674
037 ## - SOURCE OF ACQUISITION
Source of stock number/acquisition DBAD/PUB
040 ## - CATALOGING SOURCE
Original cataloging agency DPL
Language of cataloging Eng
082 ## - DEWEY DECIMAL CLASSIFICATION NUMBER
Classification number 001.42
100 ## - MAIN ENTRY--PERSONAL NAME
Personal name Sharma, N. K.
245 ## - TITLE STATEMENT
Title Research methodology /
Statement of responsibility, etc by N. K. Sharma
260 ## - PUBLICATION, DISTRIBUTION, ETC. (IMPRINT)
Place of publication, distribution, etc New Delhi
Name of publisher, distributor, etc KSK Publishers & Distributors
Date of publication, distribution, etc 2010
270 ## - ADDRESS
Address 7/26, Ansari Road, Darya Ganj,
City New Delhi
Postal code 110002
300 ## - PHYSICAL DESCRIPTION
Extent 260p.
Dimensions 23 cm (Hb)
500 ## - GENERAL NOTE
General note includes bibligraphical references
942 ## - ADDED ENTRY ELEMENTS (KOHA)
Source of classification or shelving scheme Dewey Decimal Classification
Item type English Books
Call number suffix SHA
Classification part 001.42
Holdings
Withdrawn status Lost status Source of classification or shelving scheme Materials specified (bound volume or other part) Damaged status Not for loan Collection code Home library Current library Date acquired Source of acquisition Cost, normal purchase price Total Checkouts Full call number Barcode Date last seen Copy number Cost, replacement price Koha item type
    Dewey Decimal Classification Hb   Not For Loan Non-fiction Central Jail Tihar D.B.Act.Division 13/04/2010 DBAD/PUB 500.00   SHA EN-79674 22/05/2010 1 500.00 English Books

© Delhi Public Library
Hit Counter
free hit counter